Normal view
MARC view
Entry Nombre de reunión
001 - NÚMERO DE CONTROL
- campo de control: 36607
003 - IDENTIFICADOR DEL NÚMERO DE CONTROL
- campo de control: OSt
005 - FECHA Y HORA DE LA ÚLTIMA TRANSACCIÓN
- campo de control: 20200615033539.0
008 - DATOS DE LONGITUD FIJA
- campo de control de longitud fija: 200615|| aca||aabn | a|a d
040 ## - FUENTE DE LA CATALOGACIÓN
- Centro catalogador/agencia de origen: OSt
- Centro/agencia transcriptor: OSt
111 ## - ENCABEZAMIENTO--NOMBRE DE CONGRESO/REUNIÓN
- Nombre de congreso/reunión o jurisdicción como elemento de entrada: Seminario Tramil. Investigación Científica y uso Popular de Plantas Medicinales
- Número del congreso/reunión o número de parte o sección: (4a :
- Fecha del congreso/reunión: 1989 Nov :
- Sede del congreso/Lugar de la reunión: Honduras)
670 ## - FUENTE DE DATOS ENCONTRADOS
- Cita de la fuente: Work cat.: (OSt)15957: Seminario Tramil. Investigación Científica y uso Popular de Plantas Medicinales (4a : 1989 Nov : Honduras), Hacia una farmacopea caribeña /, 1991.
